|
|
|
|
| LEADER |
00000nab a2200000 a 4500 |
| 001 |
vtls011122428 |
| 003 |
SK-MaSNL |
| 005 |
20260303143851.0 |
| 008 |
230222|2005 xo |||||||||||||||||eng| |
| 015 |
|
|
|a SNBRB
|
| 035 |
|
|
|a (uuid)6e8fcb61-3734-4f3a-a8f7-6c1f7868133c
|
| 035 |
|
|
|a (urnnbn)urn:nbn:sk:snk:ar-a08wxt
|
| 035 |
|
|
|a urn:nbn:sk:snk-ab9uh7
|
| 040 |
|
|
|a SNKBUCL
|b slo
|c SNKBUCL
|e AACR2
|
| 041 |
0 |
|
|a eng
|
| 044 |
|
|
|a xo
|c SK
|
| 100 |
1 |
|
|a Brezinová, Janette,
|d 1968-
|4 aut
|9 114375
|
| 245 |
1 |
0 |
|a UTILIZATION OF PEENING TECHNOLOGY FOR DEPOSITION OF ZINC COATINGS
|c Janette Brezinová
|
| 773 |
0 |
|
|t Materiálové inžinierstvo
|g Roč. 12, č. 2 (2005), s. 11-13
|
| 958 |
|
|
|a OND
|
| 958 |
|
|
|a EUIPO
|
| 958 |
|
|
|a article13
|
| 999 |
|
|
|c 1992821
|d 1994751
|